A középkori "szakkollégiumok"
Elmentve itt :
| Szerző: | |
|---|---|
| Testületi szerző: | |
| Dokumentumtípus: | Prezentáció |
| Megjelent: |
2011
|
| Kulcsszavak: | oktatás középkor |
| Tárgyszavak: | |
| Online Access: | http://eta.bibl.u-szeged.hu/4140 |
| LEADER | 00816nnm a2200241 i 4500 | ||
|---|---|---|---|
| 001 | eta4140 | ||
| 005 | 20201210133310.0 | ||
| 008 | 201210s2011 hu o 0|| hun d | ||
| 040 | |a SZTE Elektronikus Tananyag Archívum |b hun | ||
| 041 | |a hun | ||
| 100 | 1 | |a Hunyadi Zsolt | |
| 245 | 1 | 2 | |a A középkori "szakkollégiumok" |h [elektronikus dokumentum] / |c Hunyadi Zsolt |
| 260 | |c 2011 | ||
| 300 | |a 8 | ||
| 516 | |a Presentation | ||
| 650 | 4 | |a Bölcsészettudományok | |
| 650 | 4 | |a Történettudomány és régészet | |
| 650 | 4 | |a Történettudomány | |
| 650 | 4 | |a Középkori történelem | |
| 695 | |a oktatás | ||
| 695 | |a középkor | ||
| 711 | |a Eötvös Loránd Kollégium Szeged Workshop |c Szeged, Magyarország |d 2011. november. 12. | ||
| 856 | 4 | 0 | |u https://eta.bibl.u-szeged.hu/4140/1/2010-0012_76_06.pdf |z Dokumentum-elérés |